00616nam a2200241Ia 4500008004100000020001800041050000800059050001400067100002300081245002600104245002600130260002300156260004600179260000900225300001600234300002800250300001000278440002100288440001400309650002800323700001200351700001100363181129s9999 xx 000 0 und d a9789715810705 a220 bM465 1980 aMaxwell, Arthur S. 0aHeroes and Heroines / 0cby Arthur S. Maxwell. aWashington, D.C. : bReview and Herald Publishing Association, c1980 a190 pages : bcolored illustrations ; c25cm. aThe bible story, vvolume 4. aBible stories, English. aSeries. aTitle.